| 000 | 00833cam a2200205 4500 | ||
|---|---|---|---|
| 001 | J119055 | ||
| 008 | 020726s2003 000 0 eng u | ||
| 035 | _a(Sirsi) u119059 | ||
| 050 | _a614.76 | ||
| 110 |
_aRoyal Institution of Chartered Surveyors _94900 |
||
| 245 | 2 | _aA guide to recycling commercial construction waste | |
| 260 |
_aLondon _bRICS _c2003 |
||
| 300 |
_a1 folded sheet _a[4]p. _c30cm. |
||
| 350 | _a0 | ||
| 520 | _aLeaflet produced by the RICS Building Control Faculty advocating the 'Four R' strategy: reduce; reclaim; re-use; recycle. | ||
| 690 | _aBUILT ENVIRONMENT-BUILDING MATERIALS | ||
| 710 |
_aDepartment for Transport, Local Government and the Regions _94091 |
||
| 856 |
_uhttps://www.rics.org/site/download_feed.aspx?fileID=336 _zView the full document free of charge at www.rics.org... |
||
| 942 | _n0 | ||
| 999 |
_c102241 _d102241 |
||